All 50k U.S. Cities on a Map by Letter - T - Statistics

General Stats
  • This quiz has been taken 2,967 times
    2,057 since last reset
  • The average score is 17 of 31
Answers on the Map
Answers color-coded by a green-red scale on the quiz's map according to % correct below.
 
Answer Stats
City State Population % Correct
Tampa FL 403,364
98%
Tucson AZ 547,239
96%
Tallahassee FL 202,221
95%
Tulsa OK 411,894
95%
Toledo OH 265,304
91%
Trenton NJ 89,620
88%
Tacoma WA 222,906
86%
Topeka KS 125,475
83%
Tempe AZ 189,834
73%
Tuscaloosa AL 111,338
72%
Tyler TX 110,327
59%
Troy MI 87,339
55%
Troy NY 50,607
55%
Thornton CO 144,922
52%
Torrance CA 139,224
52%
Thousand Oaks CA 123,463
47%
Temecula CA 110,682
45%
Twin Falls ID 54,943
43%
Terre Haute IN 58,502
40%
Temple TX 93,095
38%
Taylor MI 61,241
36%
Texas City TX 56,609
31%
Tracy CA 98,010
31%
Taunton MA 60,412
29%
Tigard OR 55,590
28%
Tulare CA 71,092
28%
Taylorsville UT 57,098
26%
Turlock CA 72,100
24%
Tustin CA 77,704
22%
Tinley Park IL 53,886
19%
Tamarac FL 72,372
17%
No matching quizzes found
Score Distribution
Percent of People with Each Score
Percentile by Number Answered
Your Score History
You have not taken this quiz since the last reset